00547nam a2200217Ia 4500008004100000020001800041050001900059050001400078100001900092245004000111245001900151250001600170260001600186260002500202260000900227300001700236300002000253300001200273500002000285650002400305180523s9999 xx 000 0 und d a981-243-587-5 aMAIN QD 251.3  b.M36 2003 aMcMurry, John. 0aFundamentals of organic chemistry / 0cJohn McMurry . a5th Edition aAustralia : bThomson-Brooks/Cole, c2003 a565 pages :  billustrations ; c25 cm.  aIncludes index. aChemistry, Organic.